Logical foundations of mathematics and computational complexity : a gentle introduction
Saved in:
| Main Author: | |
|---|---|
| Format: | Book |
| Language: | English |
| Published: |
Cham ; New York :
Springer,
c2013.
|
| Series: | Springer monographs in mathematics
|
| Subjects: | |
| Tags: |
Add Tag
No Tags, Be the first to tag this record!
|
MARC
| LEADER | 00000nam a2200000 a 4500 | ||
|---|---|---|---|
| 001 | 1/112357 | ||
| 008 | 161123t2013####sz | ||| |||| ||eng|| | ||
| 020 | |a 9783319001180 | ||
| 040 | |a GR-MyUa |b gre |c GR-MyUa |e AACR2 | ||
| 041 | 0 | |a eng | |
| 082 | 7 | |a 511.3 |2 (23) | |
| 100 | 1 | |a Pudlak, Pavel |d 1952- | |
| 245 | 1 | 0 | |a Logical foundations of mathematics and computational complexity : |b a gentle introduction / |c Pavel Pudlak. |
| 260 | |a Cham ; New York : |b Springer, |c c2013. | ||
| 300 | |a xiv, 695 σ. : |b εικ., σχέδια ; |c 24 εκ. | ||
| 490 | 1 | |a (Springer monographs in mathematics) | |
| 504 | |a Βιβλιογραφία: σ. 571-682. Ευρετήρια. | ||
| 650 | 0 | |a Computational complexity. | |
| 650 | 0 | |a Logic, Symbolic and mathematical. | |
| 830 | 0 | |a Springer monographs in mathematics | |
| 852 | |a INST |b SAMOS |e 20161123 |h 511.3 PUD |p 005300043969 |q 005300043969 |t BK |y 0 | ||
| 922 | |a 3ΕΛΗ |b 201610 |c Τμήμα Μαθηματικών/Μεταπτυχιακό |d Bookpath | ||
| 970 | |a Κοσιέρης |b Χρήστος |z 23-11-2016 | ||